| 000 | 00730nam a2200229 i 4500 | ||
|---|---|---|---|
| 001 | 150349 | ||
| 003 | ES-MaACL | ||
| 005 | 20230906203456.0 | ||
| 007 | t| | ||
| 008 | 071030s1985 sp ||||1| spa d | ||
| 020 | _a84-206-2427-6 | ||
| 100 | 1 |
_aVallespín Oña, Fernando. _9112902 |
|
| 245 | 1 | 0 |
_aNuevas teorías del contrato social _b: John Rawls, Robert Nozick y James Buchanan / _cFernando Vallespín Oña. |
| 260 |
_aMadrid : _bAlianza Editorial, _c1985. |
||
| 300 |
_a226 p. ; _c20 cm. |
||
| 490 | 1 |
_aAlianza universidad ; _v427 |
|
| 504 | _aBibliografía: p. 209-226. | ||
| 650 | 0 | 0 |
_aContrato social. _911325 |
| 830 | 1 |
_aAlianza universidad ; _v427 _9177276 |
|
| 852 |
_aES-MaACL _jL-8077 |
||
| 999 |
_c150349 _d150349 |
||